000 01792nab a22002657a 4500
999 _c6100
_d6100
003 OSt
005 20260122074931.0
008 190502c xxu||||| |||| 00| 0 spa d
040 _cPJ
100 _aSandhagen, Alberto
_94831
245 1 3 _aLa mensuración de la pena :
_bobservaciones a la sentencia de “De Vido” de la Corte /
_cAlberto Sandhagen.
260 _aCiudad Autónoma de Buenos Aires :
_bThomson Reuters La Ley,
_c2024.
300 _ap. 53-70
505 _aSumario: I. Introducción.— II. Argentina: inicio hacia una cultura ética de los negocios. Ventajas en el aspecto social. Importancia de la adopción de programas de cumplimiento en el ámbito empresarial.— III. Minimización de los riesgos de responsabilidad de la empresa. Implicancias en el ámbito penal. Ventajas en el aspecto institucional.— IV. Conclusión.— V. Bibliografía
505 _aSumario: I. Presentación del trabajo.— II. Etapas que antecedieron a la sentencia de la Corte Suprema.— III. Sentencia de la Corte Suprema de Justicia de la Nación.— IV. Reflexiones sobre la sentencia emitida por la Corte Suprema.— V. Consideraciones finales.
505 _aFallo comentado: CS, 01/08/2024. - De Vido, Julio Miguel y otro s/incidente de recurso extraordinario.
505 _t¿Te interesa el texto completo? Solicitalo al correo: koha@justierradelfuego.gov.ar
650 0 _9343
_aDERECHO PENAL
650 0 _92817
_aDELITOS CONTRA LA ADMINISTRACIÓN PÚBLICA
650 0 _96868
_aFRAUDE A LA ADMINISTRACIÓN PÚBLICA
650 0 _92863
_aCORRUPCIÓN DEL FUNCIONARIO PÚBLICO
650 0 _9699
_aFALLOS DE LA CORTE SUPREMA
773 0 _02729
_93180
_dBuenos Aires : LexisNexis, 2006-
_tRevista de derecho penal y procesal penal. Nº 12 - Diciembre 2024
_z9875920622
942 _2udc
_cANA